1602 1396 1541 1759 1674 1156 1461 1567 1860 1569 1861 1099 1630 1967 1303 1409 1555 1231 1943 1302 1707 1789 1491 1948 1848 1056 1005 1436 1612 1103 1710 1821 1318 1360 1042 1878 1121 1918 1022 1964 1382 1580 1175 1022 1418 1702 1640 1392 1574 1218 1416 1366 1763 1150 1149 1656 1133 1920 1251 1095 1069 1797 1320 1667 1943 1511 1981 1896 1160 1528 1160 1841 1420 1603 1703 1340 1496 1481 1326 1710 1032 1627 1096 1756 1568 1566 1467 1022 1167 1558 1323 1643 1035 1635 1272 1630 1564 1317 1779 BCNSPRNW ULIB Ver.6.0+V

เปลี่ยนเป็นภาษาไทย

Change to English
 แสดงรายละเอียดบรรณานุกรม
  กลับหน้าหลัก

Brief Record : Get Marc (ISO 2709) : E-mail record : QR code < ปิดหน้าต่าง
LEADER : 00000nam 2200000uu 4500
001    13399123529
003     ULIB
008    141003s2557||||th 000 0 tha d
020    ^a9786169161523
060  0 ^aWS280^bอ336S
245 00 ^aSmart practice in common pediatric respiratory problems/^cบรรณาธิการโดย อรุณวรรณ พฤทธิพันธุ์ และคนอื่น ๆ
260    ^aกรุงเทพฯ:^bชมรมโรคระบบหายใจและเวชบำบัดวิกฤตในเด็กแห่งประเทศไทย,^c2557.
300    ^a326 หน้า
650  0 ^aRespiratory Diseases, Pediatrics
700 0  ^aอรุณวรรณ พฤทธิพันธุ์,^eบรรณาธิการ
700 0  ^aวนิดา เปาอินทร์,^eบรรณาธิการ
700 0  ^aรุจิภัตต์ สำราญสำรวจกิจ,^eบรรณาธิการ
700 0  ^aกนกพร อุดมอิทธิพงศ์,^eบรรณาธิการ
945    ^p400^l0^i036089
945    ^p400^l0^i036090
945    ^p400^l0^i036091
999    ^aเกษร โพธิ์สุวรรณ
รายการนี้ยังไม่มีแท็ก
คุณยังไม่ได้ล็อกอิน คุณสามารถมีกิจกรรมร่วมกับเว็บไซต์ได้ แต่ต้องล็อกอินก่อน ::
  ล็อกอิน

รายการสื่อสารสนเทศ

ลำดับที่ ประเภท เลขเรียก/บาร์โค้ด สถานที่ สถานะ
1. วิทยาศาสตร์การแพทย์ และสุขภาพ
วิทยาศาสตร์การแพทย์ และสุขภาพ
สถานะ=หนังสือเก่า
WS280 อ336S ฉ.1 
  Barcode: 036089
ห้องสมุดวิทยาเขตสวรรค์ประชารักษ์
►ส่วนจัดเก็บหนังสือเก่า สปร
บนชั้น
  ขอยืม
2. วิทยาศาสตร์การแพทย์ และสุขภาพ
วิทยาศาสตร์การแพทย์ และสุขภาพ
WS280 อ336S ฉ.2 
  Barcode: 036090
ห้องสมุดวิทยาเขตสวรรค์ประชารักษ์
►ส่วนจัดเก็บหนังสือเก่า สปร
บนชั้น
  ขอยืม
3. วิทยาศาสตร์การแพทย์ และสุขภาพ
วิทยาศาสตร์การแพทย์ และสุขภาพ
สถานะ=หนังสือเก่า
WS280 อ336S ฉ.3 
  Barcode: 036091
ห้องสมุดวิทยาเขตสวรรค์ประชารักษ์
►ส่วนจัดเก็บหนังสือเก่า สปร
บนชั้น
  ขอยืม

รายการใกล้เคียง
    หัวเรื่อง [Respiratory Diseases, Pediatrics]

BibComment


ยังไม่เคยถูกคอมเมนท์

คอมเมนท์ทรัพยากรรายการนี้
  คอมเมนท์: Smart practice i..


 Copyright 2026. Bcnsprnw @Library